[Event "LSS WC-2014-P-00012"]
[Site "LSS email"]
[Date "2010.02.18"]
[Round "?"]
[White "Chapado, Roberto"]
[Black "Rudolf, Michal"]
[Result "0-1"]
[WhiteElo "2118"]
[BlackElo "2229"]
[PlyCount "88"]
[EventDate "2010.02.24"]
[EventType "tourn (corr)"]
[EventRounds "6"]
[EventCountry "GER"]
[SourceTitle "Telechess CBM 145"]
[Source "Chessbase"]
[SourceDate "2011.11.11"]
[SourceVersion "1"]
[SourceVersionDate "2011.11.11"]
[SourceQuality "1"]

1. e4 Nf6 2. e5 Nd5 3. d4 d6 4. Nf3 g6 5. Bc4 Nb6 6. Bb3 Bg7 7. exd6 cxd6 8. 0-0 0-0 9. Re1 Nc6 10. c3 Bf5 11. Bg5 h6 12. Bh4 Re8 13. Nbd2 Na5 14. Bc2 Bxc2 15. Qxc2 Rc8 16. h3 Qd7 17. a4 e6 18. Bg3 f5 19. Re2 Nd5 20. Qd3 a6 21. Qc2 Nc6 22. Qb3 Na5 23. Qc2 Nc6 24. Qb3 b5 25. axb5 axb5 26. Nf1 Rb8 27. Ree1 Nc7 28. Ne3 b4 29. Qc4 Ne7 30. Ra7 Rec8 31. Qd3 g5 32. Bh2 f4 33. Nc4 Nc6 34. Raa1 Nd5 35. Rec1 Rc7 36. Ncd2 bxc3 37. bxc3 Rbc8 38. Ne4 Nf6 39. Nxf6+ Bxf6 40. Re1 Nd8 41. Ra3 Qh7 42. Qd2 Qf5 43. Kh1 Nf7 44. g4 fxg3 0-1

[Event "LSS WC-2009-F-00006"]
[Site "LSS email"]
[Date "2009.11.03"]
[Round "?"]
[White "Bandiera, Aurelio"]
[Black "Chapado, Roberto"]
[Result "1/2-1/2"]
[WhiteElo "2161"]
[BlackElo "2144"]
[PlyCount "65"]
[EventDate "2009.11.08"]
[EventType "tourn (corr)"]
[EventRounds "10"]
[EventCountry "GER"]
[SourceTitle "Telechess CBM 137"]
[Source "ChessBase"]
[SourceDate "2010.07.15"]
[SourceVersion "1"]
[SourceVersionDate "2010.07.15"]
[SourceQuality "1"]

1. e4 e5 2. Nf3 Nc6 3. Bb5 a6 4. Ba4 Nf6 5. 0-0 b5 6. Bb3 Be7 7. Re1 d6 8. c3 0-0 9. h3 Bb7 10. d4 Re8 11. Nbd2 Bf8 12. a4 Na5 13. Bc2 b4 14. cxb4 Nc6 15. Nb3 Nxb4 16. Na5 Rb8 17. Nxb7 Rxb7 18. d5 c6 19. dxc6 Nxc6 20. Bd3 d5 21. exd5 Nb4 22. Bg5 Nxd3 23. Qxd3 Qxd5 24. Qxa6 Re6 25. Qf1 Rxb2 26. a5 e4 27. Red1 Qa8 28. Nd4 Ra6 29. Nf5 Rxa5 30. Nh6+ gxh6 31. Bxf6 Rxa1 32. Bxb2 Ra2 33. Rd2 1/2-1/2

[Event "LSS WC-2009-F-00006"]
[Site "LSS email"]
[Date "2009.11.03"]
[Round "?"]
[White "Chapado, Roberto"]
[Black "Krol, Wladyslaw"]
[Result "1/2-1/2"]
[WhiteElo "2142"]
[BlackElo "2119"]
[PlyCount "45"]
[EventDate "2009.11.08"]
[EventType "tourn (corr)"]
[EventRounds "10"]
[EventCountry "GER"]
[SourceTitle "Corr 2013"]
[Source "ChessBase"]
[SourceDate "2012.11.12"]
[SourceVersion "1"]
[SourceVersionDate "2012.11.12"]
[SourceQuality "1"]
[WhiteTeam "US of America"]
[BlackTeam "US of America"]
[WhiteTeamCountry "USA"]
[BlackTeamCountry "USA"]

1. d4 d5 2. c4 c6 3. Nf3 Nf6 4. Nc3 e6 5. Bg5 dxc4 6. e4 b5 7. e5 h6 8. Bh4 g5 9. Nxg5 hxg5 10. Bxg5 Nbd7 11. exf6 Nxf6 12. g3 Bg7 13. Qf3 Bb7 14. 0-0-0 Bh6 15. h4 b4 16. Kb1 Bxg5 17. hxg5 Rxh1 18. Qxh1 bxc3 19. Qh8+ Kd7 20. Qxd8+ Rxd8 21. gxf6 cxb2 22. Bxc4 Kc7 23. Kxb2 1/2-1/2

[Event "IECG WC.2010.S.00001 email"]
[Site "IECG email"]
[Date "2007.12.15"]
[Round "?"]
[White "Carroll, Patrick J"]
[Black "Chapado, Roberto"]
[Result "1/2-1/2"]
[WhiteElo "2094"]
[BlackElo "2111"]
[PlyCount "53"]
[EventDate "2007.12.15"]
[EventType "tourn (corr)"]
[EventRounds "6"]
[SourceTitle "Corr 2011"]
[Source "ChessBase"]
[SourceDate "2010.08.31"]
[SourceVersion "1"]
[SourceVersionDate "2010.08.31"]
[SourceQuality "1"]

1. e4 e5 2. Nf3 Nc6 3. Bb5 a6 4. Ba4 Nf6 5. 0-0 Be7 6. Re1 b5 7. Bb3 d6 8. c3 0-0 9. h3 Nb8 10. d4 Nbd7 11. Nbd2 Bb7 12. Bc2 Re8 13. b3 Bf8 14. Bb2 g6 15. a4 c6 16. Bd3 exd4 17. cxd4 d5 18. e5 Nh5 19. axb5 axb5 20. Rxa8 Qxa8 21. g3 Ng7 22. Qe2 Qa5 23. Ra1 Qb6 24. Nf1 Be7 25. Ne3 b4 26. Ng4 Ne6 27. h4 1/2-1/2

[Event "IECG WC.2010.S.00001 email"]
[Site "IECG email"]
[Date "2007.12.15"]
[Round "?"]
[White "Granara Barreto, Sebastian"]
[Black "Chapado, Roberto"]
[Result "0-1"]
[WhiteElo "2077"]
[BlackElo "2111"]
[PlyCount "112"]
[EventDate "2007.12.15"]
[EventType "tourn (corr)"]
[EventRounds "6"]
[SourceTitle "Corr 2024"]
[Source "ChessBase"]
[SourceDate "2023.10.19"]
[SourceVersion "1"]
[SourceVersionDate "2023.10.19"]
[SourceQuality "1"]

1. e4 e5 2. f4 exf4 3. Bc4 d5 4. exd5 Qh4+ 5. Kf1 Bd6 6. Nf3 Qh6 7. Nc3 Ne7 8. Ne4 Nd7 9. Nxd6+ Qxd6 10. d4 0-0 11. Kf2 Nb6 12. Bb3 Nbxd5 13. Re1 Nf6 14. Bxf4 Qxf4 15. Rxe7 Bg4 16. g3 Qd6 17. Qe2 a5 18. Qe5 Qc6 19. d5 Qa6 20. Qe2 b5 21. a4 Rae8 22. Re1 Rxe7 23. Qxe7 Bxf3 24. Kxf3 Qc8 25. Qc5 bxa4 26. Ba2 Qh3 27. Qxc7 Rc8 28. Qe5 h5 29. Bb1 Ng4 30. Qe4 Qxh2 31. Qe2 Qh3 32. c4 Nh2+ 33. Kf2 g6 34. d6 Ng4+ 35. Kf3 Nf6 36. Qf1 Qd7 37. Kg2 Qxd6 38. Qd3 Qb4 39. Re2 Rxc4 40. Ba2 Rg4 41. Qd8+ Kg7 42. Qc7 Re4 43. Qxf7+ Kh6 44. Rxe4 Qxe4+ 45. Kf2 Qd4+ 46. Kf3 Qd3+ 47. Kg2 Qe2+ 48. Kg1 Qxb2 49. Be6 Qc1+ 50. Kg2 Qc6+ 51. Kh2 Qc2+ 52. Kg1 Qc5+ 53. Kf1 Kg5 54. Ba2 Qc6 55. Kg1 Qd6 56. Kg2 Ne4 0-1

[Event "IECG WC.2010.S.00001 email"]
[Site "IECG email"]
[Date "2007.12.15"]
[Round "?"]
[White "Pedro, Fernando"]
[Black "Chapado, Roberto"]
[Result "1/2-1/2"]
[WhiteElo "2097"]
[BlackElo "2111"]
[PlyCount "81"]
[EventDate "2007.12.15"]
[EventType "tourn (corr)"]
[EventRounds "6"]
[SourceTitle "Corr 2011"]
[Source "ChessBase"]
[SourceDate "2010.08.31"]
[SourceVersion "1"]
[SourceVersionDate "2010.08.31"]
[SourceQuality "1"]

1. e4 e5 2. Nf3 Nc6 3. Bb5 a6 4. Ba4 Nf6 5. 0-0 Be7 6. Re1 b5 7. Bb3 d6 8. c3 0-0 9. h3 Nb8 10. d4 Nbd7 11. Nbd2 Bb7 12. Bc2 Re8 13. Nf1 Bf8 14. Ng3 g6 15. a4 c5 16. d5 c4 17. Bg5 h6 18. Be3 Nc5 19. Qd2 h5 20. Bg5 Be7 21. Ra3 Nfd7 22. Be3 Qc7 23. Ng5 f6 24. Nf3 Kf7 25. Nh4 Rh8 26. axb5 axb5 27. Rxa8 Bxa8 28. Rf1 Bb7 29. f4 Bc8 30. Ne2 Rg8 31. Nf3 Nb6 32. Qe1 Ke8 33. fxe5 dxe5 34. Qg3 Kd8 35. Nd2 f5 36. Bg5 Bxg5 37. Qxg5+ Qe7 38. Qh6 Qf8 39. Qg5+ Qe7 40. Qh6 Qf8 41. Qg5+ 1/2-1/2

[Event "IECG TE.2006.S.02108 email"]
[Site "IECG email"]
[Date "2007.12.10"]
[Round "2"]
[White "Babcock, Chris"]
[Black "Chapado, Roberto"]
[Result "0-1"]
[WhiteElo "827"]
[BlackElo "2111"]
[PlyCount "38"]
[EventDate "2007.12.10"]
[EventType "tourn (corr)"]
[EventRounds "12"]
[SourceTitle "Corr 2024"]
[Source "ChessBase"]
[SourceDate "2023.10.19"]
[SourceVersion "1"]
[SourceVersionDate "2023.10.19"]
[SourceQuality "1"]

1. e4 c5 2. f4 e6 3. Nc3 Nc6 4. Nf3 Nge7 5. Be2 d5 6. 0-0 d4 7. Nb5 a6 8. Na3 Ng6 9. d3 Be7 10. c3 0-0 11. Nc4 b5 12. Nce5 Ncxe5 13. Nxe5 Bb7 14. Nxg6 hxg6 15. Bd2 dxc3 16. bxc3 c4 17. Be3 cxd3 18. Qxd3 Qxd3 19. Bxd3 Rac8 0-1

[Event "IECG TE.2006.S.02108 email"]
[Site "IECG email"]
[Date "2007.12.10"]
[Round "1"]
[White "Chapado, Roberto"]
[Black "Korchut, Adam"]
[Result "1-0"]
[WhiteElo "2111"]
[BlackElo "2157"]
[PlyCount "81"]
[EventDate "2007.12.10"]
[EventType "tourn (corr)"]
[EventRounds "12"]
[SourceTitle "Corr 2024"]
[Source "ChessBase"]
[SourceDate "2023.10.19"]
[SourceVersion "1"]
[SourceVersionDate "2023.10.19"]
[SourceQuality "1"]

1. e4 c5 2. f4 e6 3. Nc3 Nc6 4. Nf3 Nf6 5. Bb5 Nd4 6. e5 Nxb5 7. Nxb5 a6 8. Nc3 Ng4 9. d4 d5 10. f5 Qb6 11. Na4 Qb5 12. c4 dxc4 13. 0-0 exf5 14. d5 Be7 15. h3 Nh6 16. Bxh6 gxh6 17. Nc3 Qd7 18. a4 Rg8 19. Qe2 Rg6 20. Nd2 Kf8 21. Nxc4 Qe8 22. a5 Kg8 23. Nb6 Rb8 24. Ra4 Bg5 25. h4 Bd8 26. Nxc8 Rxc8 27. Raf4 Rc7 28. d6 Rd7 29. Rxf5 Bxa5 30. Ne4 Bd8 31. h5 Re6 32. Qg4+ Kh8 33. Nxc5 Bb6 34. b4 Ba7 35. Kh1 Bxc5 36. bxc5 a5 37. R1f2 Qg8 38. Qf4 Qe8 39. Rxf7 Rxf7 40. Qxf7 Rxe5 41. d7 1-0

[Event "IECG TE.2006.P.02312 email"]
[Site "IECG email"]
[Date "2006.12.20"]
[Round "?"]
[White "Chapado, Roberto"]
[Black "Tobey, Al E"]
[Result "1-0"]
[WhiteElo "2161"]
[BlackElo "615"]
[PlyCount "25"]
[EventDate "2006.12.20"]
[EventType "tourn (corr)"]
[EventRounds "12"]
[SourceTitle "Corr 2024"]
[Source "ChessBase"]
[SourceDate "2023.10.19"]
[SourceVersion "1"]
[SourceVersionDate "2023.10.19"]
[SourceQuality "1"]

1. e4 c5 2. c3 Nf6 3. e5 Nd5 4. Nf3 e6 5. Bc4 Be7 6. d4 0-0 7. dxc5 Bxc5 8. 0-0 Nb6 9. Bd3 d5 10. Bxh7+ Kh8 11. Ng5 f6 12. Qh5 fxg5 13. Bg6+ 1-0

[Event "ARG-ch 79th"]
[Site "Buenos Aires"]
[Date "2004.09.30"]
[Round "8"]
[White "Triunfetti, Claudio"]
[Black "Chapado, Roberto"]
[Result "1/2-1/2"]
[WhiteElo "2256"]
[BlackElo "2151"]
[PlyCount "65"]
[EventDate "2004.09.24"]
[EventType "swiss"]
[EventRounds "9"]
[EventCountry "ARG"]
[SourceTitle "CBM 102 Extra"]
[Source "ChessBase"]
[SourceDate "2004.11.03"]
[SourceVersion "1"]
[SourceVersionDate "2004.11.03"]
[SourceQuality "1"]

1. e4 c5 2. Nf3 Nc6 3. Bb5 g6 4. 0-0 Bg7 5. Re1 e5 6. a3 Nge7 7. Nc3 0-0 8. d3 d6 9. Bc4 h6 10. Rf1 Kh7 11. Ne1 a6 12. Nd5 Nxd5 13. Bxd5 Ne7 14. Bb3 d5 15. Qe2 Be6 16. c3 Qd7 17. Bc2 Rac8 18. f4 exf4 19. Bxf4 dxe4 20. dxe4 b5 21. Rd1 Qb7 22. Nf3 Bc4 23. Bd3 Bb3 24. Rde1 Rcd8 25. Nd2 Be6 26. Bc2 Qd7 27. h3 b4 28. axb4 cxb4 29. cxb4 Qd4+ 30. Be3 Qxb4 31. b3 Bd4 32. Nf3 Bxe3+ 33. Qxe3 1/2-1/2

[Event "IECG TE.2004.P.01406 email"]
[Site "IECG email"]
[Date "2004.03.17"]
[Round "?"]
[White "Chapado, Roberto"]
[Black "McLachlan, Ian"]
[Result "1-0"]
[WhiteElo "2151"]
[BlackElo "1737"]
[PlyCount "63"]
[EventDate "2004.03.17"]
[EventType "tourn (corr)"]
[EventRounds "12"]
[SourceTitle "Corr 2024"]
[Source "ChessBase"]
[SourceDate "2023.10.19"]
[SourceVersion "1"]
[SourceVersionDate "2023.10.19"]
[SourceQuality "1"]

1. d4 Nf6 2. c4 e6 3. Nc3 Bb4 4. f3 d5 5. a3 Bxc3+ 6. bxc3 c5 7. cxd5 Nxd5 8. dxc5 Qa5 9. e4 Ne7 10. Be3 0-0 11. Qb3 Qc7 12. Nh3 e5 13. Nf2 Be6 14. Bc4 Bxc4 15. Qxc4 Na6 16. 0-0 Nc6 17. Nd3 Na5 18. Qb5 Rac8 19. Nxe5 Qxe5 20. Qxa5 f5 21. Bd4 Qe7 22. Rfe1 fxe4 23. Rxe4 Qd7 24. Rae1 Rf7 25. c6 Qxc6 26. Re6 Qc7 27. Qd5 Qd7 28. Rd6 Qc7 29. Re5 Nb8 30. Rg5 Kh8 31. Rh5 Kg8 32. Qe4 1-0

[Event "IECG QA.2003.0.00045 email"]
[Site "IECG email"]
[Date "2003.12.04"]
[Round "1"]
[White "Chapado, Roberto"]
[Black "Crotti, Lucas"]
[Result "1-0"]
[WhiteElo "2151"]
[BlackElo "2000"]
[PlyCount "40"]
[EventDate "2003.12.04"]
[EventType "tourn (corr)"]
[EventRounds "6"]
[SourceTitle "Corr 2008"]
[Source "ChessBase"]
[SourceDate "2008.06.24"]
[SourceVersion "1"]
[SourceVersionDate "2008.06.24"]
[SourceQuality "1"]

1. d4 Nf6 2. c4 g6 3. Nc3 Bg7 4. e4 d6 5. Nf3 0-0 6. Be2 e5 7. 0-0 exd4 8. Nxd4 Re8 9. f3 Nh5 10. g4 Nf6 11. Be3 Nc6 12. Qd2 Nd7 13. Rad1 Nde5 14. Nxc6 Nxc6 15. g5 f5 16. c5 fxe4 17. fxe4 dxc5 18. Qxd8 Rxd8 19. Rxd8+ Nxd8 20. Nd5 Bh3 1-0

[Event "IECG QA.2003.0.00045 email"]
[Site "IECG email"]
[Date "2003.12.04"]
[Round "1"]
[White "Chapado, Roberto"]
[Black "Lovelace, Randy C"]
[Result "1-0"]
[WhiteElo "2151"]
[BlackElo "2066"]
[PlyCount "39"]
[EventDate "2003.12.04"]
[EventType "tourn (corr)"]
[EventRounds "6"]
[SourceTitle "Corr 2008"]
[Source "ChessBase"]
[SourceDate "2008.06.24"]
[SourceVersion "1"]
[SourceVersionDate "2008.06.24"]
[SourceQuality "1"]

1. d4 Nf6 2. c4 e6 3. Nc3 Bb4 4. Qc2 0-0 5. a3 Bxc3+ 6. Qxc3 b6 7. Bg5 Bb7 8. e3 d6 9. Ne2 c5 10. dxc5 dxc5 11. Rd1 Qe7 12. Bxf6 Qxf6 13. Qxf6 gxf6 14. Nc3 Nc6 15. Be2 Rfd8 16. 0-0 Kf8 17. Nb5 Ke7 18. f4 f5 19. Kf2 Na5 20. b4 1-0

[Event "IECG CA.2003.0.00111 email"]
[Site "IECG email"]
[Date "2003.11.30"]
[Round "?"]
[White "Chapado, Roberto"]
[Black "Jimenez Garcia, Pedro Jose"]
[Result "1/2-1/2"]
[WhiteElo "2151"]
[BlackElo "2167"]
[PlyCount "66"]
[EventDate "2003.11.30"]
[EventType "tourn (corr)"]
[EventRounds "6"]
[SourceTitle "Corr 2008"]
[Source "ChessBase"]
[SourceDate "2008.06.24"]
[SourceVersion "1"]
[SourceVersionDate "2008.06.24"]
[SourceQuality "1"]

1. Nf3 Nf6 2. c4 c6 3. d4 d5 4. e3 Bf5 5. Nc3 e6 6. Nh4 Bg4 7. Qb3 Qb6 8. h3 Bh5 9. g4 Bg6 10. Nxg6 hxg6 11. Bg2 Nbd7 12. g5 Nh5 13. Bd2 Be7 14. cxd5 Qxb3 15. axb3 exd5 16. h4 0-0 17. Ne2 Rfe8 18. f4 Bd6 19. Kf2 a6 20. Nc1 Re7 21. Nd3 Rae8 22. Bf3 Nf8 23. Rhe1 Ne6 24. Bb4 Bxb4 25. Nxb4 Nc7 26. Nd3 Nb5 27. Ne5 Nd6 28. Rg1 Nf5 29. Bd1 Nd6 30. Bc2 Re6 31. b4 Nf5 32. Kf3 Kh7 33. Ra3 Nd6 1/2-1/2